MARC details
| 000 -CABECERA |
| campo de control de longitud fija |
03090nam a2200265 a 4500 |
| 001 - NÚMERO DE CONTROL |
| campo de control |
000008721 |
| 005 - FECHA Y HORA DE LA ÚLTIMA TRANSACCIÓN |
| campo de control |
20200929161409.0 |
| 008 - DATOS DE LONGITUD FIJA--INFORMACIÓN GENERAL |
| campo de control de longitud fija |
090918s2005 dr a 001 0 spa d |
| 040 ## - FUENTE DE LA CATALOGACIÓN |
| Centro catalogador/agencia de origen |
DO-SdBNP |
| Lengua de catalogación |
spa |
| Centro/agencia transcriptor |
BNPHU |
| 082 ## - NÚMERO DE LA CLASIFICACIÓN DECIMAL DEWEY |
| Número de clasificación |
543 |
| Número de documento/Ítem |
V195t |
| 100 1# - ENTRADA PRINCIPAL--NOMBRE DE PERSONA |
| Nombre de persona |
Valls Planells, Oriol |
| 9 (RLIN) |
23220 |
| 245 10 - MENCIÓN DE TÍTULO |
| Título |
Técnicas instrumentales en farmacia y ciencias de la salud / |
| Mención de responsabilidad, etc. |
Oriol Valls Planells, Benito Del Castillo. |
| 250 ## - MENCIÓN DE EDICIÓN |
| Mención de edición |
Ed. especial dominicana |
| 260 ## - PUBLICACIÓN, DISTRIBUCIÓN, ETC. |
| Lugar de publicación, distribución, etc. |
Santo Domingo : |
| Nombre del editor, distribuidor, etc. |
Oficina del Ordenador Nacional para los Fondos Europeos del Desarrollo, |
| Fecha de publicación, distribución, etc. |
2005. |
| 300 ## - DESCRIPCIÓN FÍSICA |
| Extensión |
666 p. : |
| Otras características físicas |
il ; |
| Dimensiones |
30 cm. |
| 505 2# - NOTA DE CONTENIDO CON FORMATO |
| Nota de contenido con formato |
Concepto, interés y clasificación de las técnicas instrumentales / Oriol Valls, Benito del Castillo -- Interación de la radiación electromagnética con la materia / Oriol Valls, Benito del Castillo -- Técnicas espectroscos / Oriol Valls, Benito del Castillo -- Espectroscopía atómicas / Oriol Valls -- Espectroscopía de emisión de llama / Victoria Girona -- Espectroscopía de emisión plasma / Benito del Castillo -- Espectroscopía de absorción atómica / M. Teresa Montero -- Espectroscopía de fluorescencia atómica / Benito del Castillo, Sofía Rodenas -- Espectroscopías de rayos x / Bermúdez Polonio -- Espectros moleculares /Oriol Valls -- Espectroscopía infrarroja /Oriol Valls -- Reflectometría / Oriol Valls -- Espectroscopías de luminiscencia molecualr (fluorimetría y fosforimetría) / Benito del Castillo, M. Antonia Martín -- Técnicas de quimioluminiscencia / Willy R. G. Baeyens, Betty Lin Ling, Kazuhiro Imai -- Espectroscopía fotoacústica / Fernándo Ferrándiz -- Métodos basados en la dispersión de la radiación electromagnética con la materia / Jordi Hernández -- Técnicas espectropolarimetricas: rotación óptica y dicroismo circular / Joan Estelrich -- Espectroscopías de resonancia magnética nuclear / Licensio Rodríguez -- Microscopía electrónica / Benito del Castillo -- Técnicas electroquimicas. conductimetria /M. Luisa García -- Métodos potenciometricos / Benito del Castillo -- Técnicas voltametricas / M. Luisa García. |
| 505 0# - NOTA DE CONTENIDO CON FORMATO |
| Nota de contenido con formato |
Electroforesis / Sofía Rodenas -- Isoelectroenfoque. isotacoforesis / Sofía Rodenas -- Electroforesis capilar / M. Carmen Martín -- Electroforesis de celulas y particulas en suspensión citoferometria / Fernándo Ferrándiz -- Cromatografia de líquidos / Benito del Castillo, Pedro Andrés -- Cromatografía plana / Betty Ling , R. G. Baeyenns , Benito del Castillo , Oriol Valls -- Cromatografía de gases y líquidos supercríticos / Oriol Valls , Pedro Andrés -- Espectrometria de masas / Oriol Valls -- Ultracentrifugación / Oriol Valls -- Técnicas radioquimicas / José Luis Moreno -- Métodos térmicos / M. Antonia Egea -- Automatismo en instrumentación / Oriol Valls. |
| 590 ## - NOTA LOCAL (RLIN) |
| Nota local |
Inventariado, 2020/MFF |
| 650 #4 - PUNTO DE ACCESO ADICIONAL DE MATERIA--TÉRMINO DE MATERIA |
| Término de materia o nombre geográfico como elemento de entrada |
Química analítica |
| 9 (RLIN) |
23221 |
| 650 #4 - PUNTO DE ACCESO ADICIONAL DE MATERIA--TÉRMINO DE MATERIA |
| Término de materia o nombre geográfico como elemento de entrada |
Química farmacéutica |
| 9 (RLIN) |
23222 |
| 650 #4 - PUNTO DE ACCESO ADICIONAL DE MATERIA--TÉRMINO DE MATERIA |
| Término de materia o nombre geográfico como elemento de entrada |
Farmacia |
| 9 (RLIN) |
6324 |
| 650 #4 - PUNTO DE ACCESO ADICIONAL DE MATERIA--TÉRMINO DE MATERIA |
| Término de materia o nombre geográfico como elemento de entrada |
Medicamentos |
| 9 (RLIN) |
6323 |
| 700 1# - PUNTO DE ACCESO ADICIONAL--NOMBRE DE PERSONA |
| Nombre de persona |
Sagredo Fernández, Adolfo, |
| Término indicativo de función/relación |
pról. |
| 9 (RLIN) |
23223 |
| 910 ## - DATOS DE OPCIÓN DEL USUARIO (OCLC) |
| Datos de opción del usuario |
Validado. Control de calidad MMOLINA |